000 00683nam a22002657a 4500
003 UA-OsUOA
001 58877
007 ta
008 20090303b un ||||| |||| 00| 0 ukr d
100 _aСамуэльсон П. Э.
700 _aНордхаус В. Д.
090 _a330.101.542
942 _cBK
040 _aUA-OsUOA
_brus
_cUA-OsUOA
_dUA-OsUOA
245 _aМикроэкономика
300 _a752 с.
955 _a2
041 _arus
080 _a330.101.542
020 _a978-5-8459-1352-4
260 _aМ.
_bВильямс
_c2008
250 _nВосемнадцатое
650 7 _a330 Економіка взагалі
_2UDC
999 _c344956
_d344956